[Event "27th 4NCL Congress Open 2022"]
[Site "Harrogate"]
[Date "2022.01.22"]
[Round "3.21"]
[White "Fathallah, Joe"]
[Black "Miller, George"]
[Result "1-0"]
[WhiteElo "1882"]
[BlackElo "1796"]
[Annotator "NA"]
[PlyCount "97"]
[EventDate "2022.01.21"]
[EventType "swiss"]
[EventCountry "ENG"]
[SourceTitle "playchess.com"]
[Source "ChessBase"]
[SourceQuality "1"]
[TimeControl "5400+30"]

1. d4 {[%emt 0:00:06]} d5 {[%emt 0:06:35]} 2. c4 {[%emt 0:00:12]} e6 {[%emt 0:00:05]} 3. Nc3 {[%emt 0:00:08]} c5 {[%emt 0:00:05]} 4. dxc5 {[%emt 0:00:30]} d4 {[%emt 0:01:25]} 5. Ne4 {[%emt 0:00:20]} Bxc5 {[%emt 0:02:27]} 6. Nxc5 {[%emt 0:00:09]} Qa5+ {[%emt 0:00:08]} 7. Bd2 {[%emt 0:00:16]} Qxc5 {[%emt 0:00:08]} 8. e3 {[%emt 0:00:34]} dxe3 {[%emt 0:04:03]} 9. Bxe3 {[%emt 0:00:14]} Qb4+ {[%emt 0:00:41]} 10. Qd2 {[%emt 0:00:16]} Nc6 {[%emt 0:00:50]} 11. Nf3 {[%emt 0:03:53]} e5 {[%emt 0:01:33]} 12. Be2 {[%emt 0:02:36]} Bf5 {[%emt 0:02:12]} 13. O-O {[%emt 0:02:51]} f6 {[%emt 0:05:11]} 14. Rfd1 {[%emt 0:05:11]} Nge7 {[%emt 0:01:05]} 15. Rac1 {[%emt 0:18:03]} Kf7 {[%emt 0:00:50]} 16. a3 {[%emt 0:03:25]} Qxd2 {[%emt 0:00:13]} 17. Nxd2 {[%emt 0:03:24]} Rhd8 {[%emt 0:05:25]} 18. Nf3 {[%emt 0:01:43]} Be4 {[%emt 0:06:27]} 19. b4 {[%emt 0:01:37]} Nf5 {[%emt 0:00:25]} 20. Kf1 {[%emt 0:03:09]} Nxe3+ {[%emt 0:02:13]} 21. fxe3 {[%emt 0:00:07]} Rxd1+ {[%emt 0:00:49]} 22. Rxd1 {[%emt 0:00:17]} Rd8 {[%emt 0:00:13]} 23. Rxd8 {[%emt 0:01:00]} Nxd8 {[%emt 0:00:10]} 24. Ke1 {[%emt 0:01:22]} Nc6 {[%emt 0:05:38]} 25. Kd2 {[%emt 0:00:50]} Ne7 {[%emt 0:00:43]} 26. Bd3 {[%emt 0:10:30]} Bc6 {[%emt 0:05:33]} 27. Bc2 {[%emt 0:01:12]} g6 {[%emt 0:04:39]} 28. Kc3 {[%emt 0:06:17]} Ke6 {[%emt 0:00:52]} 29. Bb3 {[%emt 0:11:26]} Be4 {[%emt 0:09:58]} 30. a4 {[%emt 0:03:49]} Kd6 {[%emt 0:03:45]} 31. Bc2 {[%emt 0:04:47]} Bc6 {[%emt 0:08:01]} 32. c5+ {[%emt 0:02:34]} Ke6 {[%emt 0:02:52]} 33. e4 {[%emt 0:00:26]} h6 {[%emt 0:02:15]} 34. Bb3+ {[%emt 0:00:51]} Kd7 {[%emt 0:00:12]} 35. Nd2 {[%emt 0:01:36]} Kc7 {[%emt 0:00:16]} 36. b5 {[%emt 0:00:51]} Bd7 {[%emt 0:01:44]} 37. Kb4 {[%emt 0:01:20]} Bg4 {[%emt 0:04:00]} 38. Nc4 {[%emt 0:01:46]} Nc8 {[%emt 0:00:26]} 39. Ne3 {[%emt 0:00:41]} f5 {[%emt 0:02:24]} 40. h3 {[%emt 0:01:39]} Be2 {[%emt 0:03:27]} 41. exf5 {[%emt 0:00:20]} gxf5 {[%emt 0:01:11]} 42. Nxf5 {[%emt 0:00:13]} h5 {[%emt 0:01:18]} 43. Ng3 {[%emt 0:00:18]} Bd3 {[%emt 0:00:43]} 44. Nxh5 {[%emt 0:00:32]} Ne7 {[%emt 0:00:35]} 45. Nf6 {[%emt 0:00:47]} Ng6 {[%emt 0:02:33]} 46. Kc3 {[%emt 0:01:17]} Bf1 {[%emt 0:00:31]} 47. Nd5+ {[%emt 0:00:42]} Kd7 {[%emt 0:01:11]} 48. Ne3 {[%emt 0:00:16]} Be2 {[%emt 0:01:37]} 49. Kd2 {[%emt 0:00:13]} 1-0

[Event "27th 4NCL Congress Open 2022"]
[Site "Harrogate"]
[Date "2022.01.22"]
[Round "3.22"]
[White "De Sousa Muachikape, Jael"]
[Black "Stokes, Michael"]
[Result "0-1"]
[WhiteElo "1841"]
[BlackElo "2071"]
[Annotator "NA"]
[PlyCount "40"]
[EventDate "2022.01.21"]
[EventType "swiss"]
[EventCountry "ENG"]
[SourceTitle "playchess.com"]
[Source "ChessBase"]
[SourceQuality "1"]
[TimeControl "5400+30"]

{[%evp 8,38,16,14,16,8,17,16,32767,32767,32767,32767,32767,32767,32767,32767,32767,32767,32767,32767,32767,21,32767,32767,11,-63,32767,32767,32767,-1783,-429,-1816,-1909]} 1. e4 {[%emt 0:00:06]} e5 {[%emt 0:00:04]} 2. Nf3 {[%emt 0:00:04]} Nc6 {[%emt 0:00:05]} 3. Bc4 {[%emt 0:00:10]} Bc5 {[%emt 0:00:05]} 4. d3 {[%emt 0:00:12]} Nf6 {[%emt 0:00:06]} 5. a4 {[%emt 0:00:21]} d6 {[%emt 0:00:17]} 6. h3 {[%emt 0:00:11]} O-O {[%emt 0:00:07]} 7. O-O {[%emt 0:00:11]} Be6 {[%emt 0:00:21]} 8. Nbd2 {[%emt 0:01:42]} Qd7 {[%emt 0:00:57]} 9. c3 {[%emt 0:00:20]} a6 {[%emt 0:01:28]} 10. b4 {[%emt 0:01:46]} Bxc4 {[%emt 0:01:13]} 11. Nxc4 {[%emt 0:02:54]} Ba7 {[%emt 0:00:24]} 12. Bg5 {[%emt 0:04:58]} Qe6 {[%emt 0:00:59]} 13. b5 {[%emt 0:02:22]} Ne7 {[%emt 0:02:39]} 14. Bxf6 {[%emt 0:01:12]} Qxf6 {[%emt 0:00:16]} 15. d4 {[%emt 0:00:24]} Ng6 {[%emt 0:01:36]} (15... Qe6 $142 16. Ncd2 axb5) 16. g3 {[%emt 0:00:45]} ({White should play} 16. bxa6 $11 bxa6 17. Ne3) 16... Qe6 {[%emt 0:02:15]} 17. Qd3 {[%emt 0:00:34]} Qxh3 {[%emt 0:01:26]} 18. dxe5 $2 {[%emt 0:00:15]} (18. Rab1 $15) 18... Qxg3+ {[%emt 0:00:31]} 19. Kh1 {[%emt 0:00:40]} Qh3+ $19 {[%emt 0:00:17]} 20. Kg1 {[%emt 0:01:28]} Nf4 {[%emt 0:00:17]} 0-1

[Event "27th 4NCL Congress Open 2022"]
[Site "Harrogate"]
[Date "2022.01.22"]
[Round "3.23"]
[White "Bayford, Jim R"]
[Black "Smerdon, David C"]
[Result "0-1"]
[WhiteElo "2023"]
[BlackElo "2508"]
[Annotator "TA"]
[PlyCount "64"]
[EventDate "2022.01.21"]
[EventType "swiss"]
[EventCountry "ENG"]
[SourceTitle "playchess.com"]
[Source "ChessBase"]
[SourceQuality "1"]

{[%evp 9,64,56,56,35,46,33,59,7,10,-14,-7,0,2,-4,0,-50,-22,-6,-6,-60,0,0,47,37,48,44,58,69,90,73,123,107,131,131,163,112,131,69,71,66,169,37,105,40,37,0,0,0,0,-34,-33,-626,-639,-29982,-29980,-29993,-29987]} 1. e4 d6 2. Nf3 g6 3. Bc4 Bg7 4. d4 Nc6 5. O-O e6 6. Nc3 {B06: Modern Defence.} Nge7 7. d5 exd5 8. exd5 {White is slightly better.} Ne5 {[#]} 9. Bb5+ $146 ({Predecessor:} 9. Nxe5 Bxe5 10. Bg5 Qd7 11. Re1 O-O 12. Bxe7 Qxe7 13. f4 Bd4+ 14. Qxd4 Qd7 15. Ne4 {1-0 (23) Moser,M-Wilthaner,M Tingkaerskolen 1997}) 9... Bd7 10. Nxe5 Bxe5 11. Bxd7+ Qxd7 12. Bh6 (12. Qd3 $11) 12... Nf5 13. Bd2 {[%cal Bh6d2,Bd2c3,Bc3b2][%mdl 32]} O-O 14. Ne4 (14. Qe2 $11) 14... Bg7 ({But not} 14... Bxb2 15. c3 (15. Rb1 Rfe8 $15) 15... Qe7 16. Re1 Bxa1 17. Bg5 Qxg5 18. Nxg5 Bxc3 19. Re4 $11) (14... Rfe8 $15) 15. Bc3 $11 f6 (15... Bxc3 $11 {might be stronger.} 16. bxc3 f6) 16. b3 Qf7 17. Bb2 Ne7 18. c4 h6 19. Ng3 f5 (19... b5 $142) 20. Bxg7 $16 Qxg7 21. Ne2 Rf6 22. Nd4 (22. Nf4 $18) 22... c6 23. Ne6 ({White should try} 23. Re1 $16) 23... Qf7 $14 24. Re1 g5 (24... f4 $1 $14) 25. Rc1 (25. h4 $18) 25... Ng6 (25... f4 $1 $14) 26. Rc3 (26. Qd4 $16) 26... f4 {[%cal Bf5f4,Bf4f3][%mdl 32]} 27. Rh3 Ne5 28. Rc3 f3 29. g3 (29. Nc5 $5) 29... Qh5 {[#] Hoping for ...Qh3.} 30. Nd4 $2 {[%mdl 8192]} (30. Re4 $15) 30... c5 $19 31. Nc2 Qh3 {[%csl Gf3][%cal Rh3g2]} 32. Ne3 Ng4 {What a bad dream for White.  Weighted Error Value: White=0.62/Black=0.18 (very precise)} 0-1

[Event "27th 4NCL Congress Open 2022"]
[Site "Harrogate"]
[Date "2022.01.23"]
[Round "4.2"]
[White "Willow, Jonah B"]
[Black "Jones, Steven A"]
[Result "1-0"]
[WhiteElo "2381"]
[BlackElo "2212"]
[Annotator "TA"]
[PlyCount "75"]
[EventDate "2022.01.21"]
[EventType "swiss"]
[EventCountry "ENG"]
[SourceTitle "playchess.com"]
[Source "ChessBase"]
[SourceQuality "1"]

{[%evp 14,75,16,35,37,25,58,64,52,57,70,74,61,43,76,35,57,35,16,4,85,87,127,129,120,125,125,126,122,115,145,145,143,142,141,142,132,137,137,102,152,129,254,168,169,172,208,159,212,220,246,193,254,245,345,348,383,375,502,505,1343,1339,29997,29998]} 1. e4 {[%cal Be2e4,Be4e5][%mdl 32]} c5 2. Nf3 Nc6 3. Nc3 Nf6 {[%cal Bg8f6,Bf6d5,Bd5b4][%mdl 32]} 4. Bb5 Nd4 5. e5 Nxb5 6. Nxb5 Nd5 7. O-O a6 {[#]} 8. c4 $1 Nb4 {B30: Sicilian: 2...Nc6 3 Bb5, lines without ...g6.} 9. Nc3 e6 10. d4 cxd4 {White is slightly better.} 11. Nxd4 ({But not} 11. Qxd4 Nc2 12. Qd3 Nxa1 $17) 11... Qc7 {[%csl LRc4,LRe5] [#]} 12. a3 $146 ({Predecessor:} 12. Qe2 b6 13. Bf4 Bb7 14. Rac1 Rc8 15. b3 Be7 16. Rfd1 g5 17. Bg3 h5 18. h3 {½-½ (52) Shura,L-Roach,W Canada 1999}) 12... Nc6 13. Nxc6 {White is much more active. Black has bad knights.} Qxc6 14. Qg4 (14. Qd3 $16) 14... b6 15. b4 Bb7 16. f3 b5 (16... Rc8 $11) 17. c5 $1 $16 Bxc5+ 18. bxc5 Qxc5+ 19. Kh1 $1 Qxc3 {[#]} 20. Qxg7 $1 O-O-O {[#]} 21. Bg5 $1 Rdg8 {[#]} 22. Rac1 $1 {[%mdl 512]} Rxg7 23. Rxc3+ Bc6 24. Bf6 $36 {[%mdl 2048] White is in control.} Rhg8 25. Bxg7 Rxg7 {[%mdl 4096] Endgame KRR-KRB} 26. Rd1 Kb7 (26... Kc7 $142) 27. Rd4 h5 (27... Rg5 $16) 28. Kg1 Rg5 29. Re3 Kb6 30. Rf4 Rg7 (30... Rf5 $16 31. Rxf5 exf5) 31. Kf2 $18 Kc5 32. h4 Rh7 {[#]} (32... Bd5 $142 33. g4 d6 34. exd6 (34. gxh5 dxe5 35. Rxe5 f5 $16) 34... Kxd6) 33. Rc3+ $1 Kd5 (33... Kb6 {was called for.} 34. Ke3 a5) 34. Re4 Rg7 35. Rc2 a5 36. Ke3 Rg3 (36... Bb7 $142 37. Kf4 d6) 37. Kf4 {White wants to mate with Ree2.} Rg8 38. Re1 {Weighted Error Value: White=0.11 (very precise) /Black=0.66} 1-0

[Event "27th 4NCL Congress Open 2022"]
[Site "Harrogate"]
[Date "2022.01.23"]
[Round "4.3"]
[White "Makkar, Rajat"]
[Black "Wells, Peter K"]
[Result "1/2-1/2"]
[WhiteElo "2260"]
[BlackElo "2382"]
[Annotator "TA"]
[PlyCount "80"]
[EventDate "2022.01.21"]
[EventType "swiss"]
[EventCountry "ENG"]
[SourceTitle "playchess.com"]
[Source "ChessBase"]
[SourceQuality "1"]

{[%evp 9,80,14,16,14,10,14,21,0,0,0,0,0,0,0,0,-157,-156,-147,-47,-41,-61,-257,-266,-260,-252,-281,-264,-275,-244,-275,-237,-259,-214,-306,-296,-287,-286,-288,-247,-271,-271,-265,-266,-294,176,160,179,179,166,172,172,172,172,172,172,112,117,85,85,85,92,70,70,39,39,39,39,0,39,0,39,0,0]} 1. Nf3 d5 2. e3 Nf6 3. c4 e6 4. Nc3 a6 5. b3 c5 6. cxd5 {A17: English Opening: 1...Nf6 with ...Bb4.} exd5 7. d4 Nc6 8. Be2 cxd4 9. Nxd4 Bb4 10. Bb2 Qa5 11. Rc1 Qxa2 12. O-O $2 {[#]} Qxb2 $146 ({Predecessor:} 12... Qa5 13. Nxc6 bxc6 14. Qd4 O-O 15. Na4 Bd7 16. Nc5 Bxc5 17. Rxc5 Qd8 18. Ra1 Re8 {1-0 (54) Sidorov,A (2293)-Smirnov,A (2412) Togliatti 2014}) 13. Rc2 {[#]} Bxc3 14. Rxb2 $15 {Rc2 is the strong threat.} Nxd4 ({Don't play} 14... Bxb2 15. Nxc6 bxc6 16. Qc2 $16) 15. Ra2 (15. exd4 $15 Bxb2 16. Qd2) 15... Nxe2+ $19 16. Qxe2 O-O 17. Qd3 Be5 18. Rc1 g6 19. h3 Bf5 20. Qd1 h5 21. Ra5 (21. f3 {was worth a try.}) 21... Rac8 22. Rac5 Rxc5 23. Rxc5 Be6 24. Rc1 Ne4 25. Qe1 Nd6 26. Qa5 Bd7 $4 {[%mdl 8192]} (26... Nb5 $19 {and all is fine. And now ...Kg7 would win.} 27. Qb6 Rb8) 27. Qxd5 $18 Re8 28. f4 Bc6 29. Rxc6 bxc6 30. Qxc6 Bg7 {White must now prevent ...Bf8.} (30... Rc8 $2 31. Qxa6 Rc1+ 32. Kh2 Bxf4+ 33. exf4) 31. Qxd6 Rxe3 {[%mdl 4096] Endgame KQ-KRB} 32. Qd8+ (32. f5 $18) 32... Kh7 $16 33. Qd5 f5 34. Qc4 h4 35. Kh2 Re4 $1 36. Qc7 Kh6 37. Qd6 Bd4 38. Qf8+ (38. g4 $5 {[%cal Rg4f5]} hxg3+ 39. Kxg3 $14) 38... Bg7 39. Qd6 Bd4 40. Qf8+ Kh5 {Black defended with fortune.  Weighted Error Value: White=0.33/Black=0.33} 1/2-1/2

[Event "27th 4NCL Congress Open 2022"]
[Site "Harrogate"]
[Date "2022.01.23"]
[Round "4.4"]
[White "Sowray, Peter J"]
[Black "Derakhshani, Borna"]
[Result "0-1"]
[WhiteElo "2239"]
[BlackElo "2361"]
[Annotator "TA"]
[PlyCount "114"]
[EventDate "2022.01.21"]
[EventType "swiss"]
[EventCountry "ENG"]
[SourceTitle "playchess.com"]
[Source "ChessBase"]
[SourceQuality "1"]

{[%evp 15,114,31,32,12,66,-15,7,0,0,0,0,0,0,0,0,-37,-46,-35,-34,-39,-45,-29,-9,-10,-14,-11,-5,-29,-8,0,0,0,0,0,0,-10,41,31,50,44,33,20,11,24,33,33,33,33,33,33,34,27,34,12,76,76,83,75,80,89,145,68,71,76,66,61,64,68,63,17,37,39,56,35,443,0,0,0,0,0,0,0,0,0,-8,-5,-8,-8,-8,-8,0,-47,-45,-45,-45,-43,0,-602,-587,-579,-446]} 1. d4 d5 2. c4 c6 3. Nf3 Nf6 4. Nc3 dxc4 5. a4 Bf5 6. Ne5 Nbd7 7. Nxc4 Nb6 8. Ne5 a5 9. g3 {[#] D17: Slav Defence: 5 a4 Bf5: Lines with 6 Nh4 and 6 Ne5.} Nbd7 $146 (9... Nfd7 $11) ({Predecessor:} 9... e6 10. Bg2 Bb4 11. O-O O-O 12. Bf4 h6 13. Rc1 Nfd5 14. Bd2 Nf6 15. e3 Nfd7 16. Nxd7 Qxd7 {½-½ (33) Zilka,S (2608)-Nasuta,G (2521) Warsaw 2021}) 10. Nf3 (10. Qb3 $1 $14 Nxe5 11. dxe5) 10... e6 11. Bg2 {The position is equal.} Bb4 12. O-O O-O 13. Nh4 Bg4 {[%cal Bf5g4,Bg4h5,Bh5g6][%mdl 32]} 14. h3 Bh5 15. g4 {[#]} Nd5 $1 16. Nf3 Bg6 (16... Nxc3 $2 17. bxc3 Bxc3 18. Ra3 $18) 17. Qb3 Qb6 18. Bd2 Bd6 (18... h5 {is more complex.} 19. Nxd5 exd5 20. Bxb4 hxg4 21. hxg4 axb4 22. e3 Rfe8) 19. Qxb6 N7xb6 {[%cal Bd7b6,Bb6c4,Bc4d6,Bd6e4][%mdl 32]} 20. Rfc1 Nc4 21. Nxd5 {[%cal Od5f6] [#] And now Nf6+! would win.} (21. Be1 {feels hotter.} Nb4 22. b3 Nb6 23. Nh4 Bc2 24. Ne4) 21... exd5 22. Bc3 Be7 23. b3 Nd6 24. Ne5 Ne4 25. Be1 Ra6 (25... f6 $11 26. Nxg6 hxg6) 26. e3 f6 {[%cal Bf7f6,Bf6f5][%mdl 32]} 27. Nxg6 hxg6 28. f3 Ng5 29. h4 Ne6 30. Bf1 Ra7 31. Bd3 f5 32. Bf2 Bb4 33. Kg2 Raa8 34. Rh1 Rae8 (34... c5 $11) 35. h5 $16 fxg4 36. fxg4 g5 37. h6 c5 (37... Rf6 $142) 38. Bg3 ({White should try} 38. hxg7 $16 Nxg7 39. dxc5) 38... cxd4 $14 39. hxg7 Nxg7 40. exd4 Re3 41. Bh7+ Kf7 42. Rac1 (42. Raf1+ $14 Ke7 43. Rxf8 Kxf8 44. Rf1+ Ke7 45. Bg8) 42... Ne6 43. Be5 Nf4+ 44. Kf2 (44. Bxf4 $5 gxf4 45. Rc7+ Re7 46. Rxe7+ Kxe7 47. Kf3 $14) 44... Rxb3 $2 {[%mdl 8192]} ({Better is} 44... Re2+ $14 45. Kf3 Rxe5 46. dxe5 Ke6) 45. Rc7+ $2 (45. Bxf4 $18 Rb2+ 46. Kf3 gxf4 47. Rc7+ Be7 48. Bf5 (48. Kxf4 Kf6 $14)) 45... Ke8 $11 {...Nh3+ is the strong threat.} 46. Rc8+ Kf7 47. Rc7+ Ke8 {Strongly threatening ...Nh3+. Dancing on a razor blade.} 48. Rc8+ Ke7 49. Rc7+ Kd8 50. Bf5 {White wants to mate with Rc8+. This bishop pair is nice.} Nd3+ 51. Ke2 {aiming for Rc8+.} Nxe5 52. Rhh7 {[%csl Gf5][%cal Rc7c8]} Nf7 53. Rd7+ (53. Rhxf7 $11 Rxf7 54. Rxf7) 53... Ke8 $15 {White must now prevent ...Bd6.} 54. Rxb7 Rb2+ 55. Kd3 Ba3 (55... Rf2 $15) 56. Rbxf7 $2 {[%mdl 8192]} Rxf7 $19 57. Bg6 Rbf2 {Never resign too early!  Weighted Error Value: White=0.33/Black=0.29 (precise)} 0-1

[Event "27th 4NCL Congress Open 2022"]
[Site "Harrogate"]
[Date "2022.01.23"]
[Round "4.5"]
[White "Clarke, Brandon G I"]
[Black "Stubbs, Oliver"]
[Result "1-0"]
[WhiteElo "2430"]
[BlackElo "1920"]
[Annotator "TA"]
[PlyCount "197"]
[EventDate "2022.01.21"]
[EventType "swiss"]
[EventCountry "ENG"]
[SourceTitle "playchess.com"]
[Source "ChessBase"]
[SourceQuality "1"]

{[%evp 13,197,-18,-18,-22,-11,-29,0,0,0,-21,-21,-18,-18,-30,0,-8,-2,-144,-10,-114,-25,-32,-29,-39,0,0,0,0,0,0,16,0,0,0,20,8,68,57,66,64,65,58,72,59,77,75,110,78,87,29,38,33,52,26,40,35,43,-107,-116,-237,-159,-130,130,125,142,-10,25,0,0,0,71,38,31,34,47,50,192,195,357,435,399,389,373,418,430,433,407,396,319,184,183,0,121,6,216,-20,344,220,216,137,136,154,135,129,1106,1065,1011,508,589,588,585,585,581,532,564,536,518,182,182,182,182,182,182,182,182,182,182,182,182,182,182,182,182,182,182,182,182,182,182,182,182,182,182,182,182,182,182,182,182,182,182,113,113,121,161,161,7619,29958,29960,29960,29966,29968,29963,29968,29976,29976,29980,29981,29981,29982,29985,29982,29976,29974,29974,29975,29972,0,29984,29972,29971,29971,29966,29965,29982,29983]} 1. e4 e6 2. d4 d5 3. Nc3 Bb4 4. e5 c5 5. a3 Bxc3+ 6. bxc3 Ne7 7. h4 Qc7 8. h5 {C18: French: 3 Nc3 Bb4: Main line: 7 h4 and 7 Qg4.} h6 9. Rb1 $1 {[%mdl 4] is recently more successful than 9.Nf3.} Nbc6 10. Qg4 {The position is equal.} Rg8 11. Bd3 c4 {[#]} 12. Be2 $146 ({Predecessor:} 12. Bf1 Qa5 13. Ne2 Qa4 14. Kd1 b6 15. Rh3 Bd7 16. Rf3 Nf5 17. Qh3 Rf8 18. g4 {1-0 (48) Studer,N (2573)-Le Goff,D (2281) Cattolica 2020}) 12... Qa5 13. Rh3 b6 14. Rf3 {To avoid f6} Bd7 15. Kd1 (15. Kf1 $11) 15... Nf5 (15... f6 $1 $17 {[%cal Rf6e5]} 16. Qf4 fxe5 17. dxe5 O-O-O) 16. Qf4 (16. Qh3 $1 $11 {keeps the balance.}) 16... Rf8 (16... f6 $1 $17 {Hoping for ...fxe5.} 17. g4 fxe5 $1 18. dxe5 Nfe7) 17. a4 $11 Qxa4 18. Bb2 O-O-O 19. Ra1 Qb5 20. Ba3 Nfe7 $1 21. Qg3 (21. Bxe7 Nxe7 22. Rxa7 Kb8 $15) 21... g6 22. Qf4 gxh5 23. Qh4 (23. Bxe7 Nxe7 24. Rxa7 Kb8 $15) 23... Qa4 24. Qxh5 Be8 (24... Nf5 $11) 25. Qxh6 $14 Rg8 26. g3 {White is more active.} Ng6 27. Qc1 {[%cal Oa3e7]} Qb5 28. Ke1 Kb7 29. Rf6 Nb8 {[%cal Bc6b8,Bb8d7,Bd7f6,Bf6e4][%mdl 32]} 30. Kf1 Rh8 31. Bd6 (31. Bg4 $16) 31... Nd7 32. Rf3 a5 33. g4 f6 34. exf6 Nxf6 35. Ba3 (35. Rxf6 $14 {stays ahead.} Rxd6 36. Bf3) 35... Ne4 $1 $17 (35... Nxg4 36. Rh3 Nh2+ 37. Kg2 $16) 36. Qe3 (36. Rh3 $17) 36... Nh4 37. Rh3 Bg6 $2 {[%mdl 8192]} (37... Rd7 $1 $17 {White must now prevent ...Rf7.} 38. Bc1 Rdh7) 38. Be7 $1 $36 {[%csl LRd8,LRh4][%mdl 2048] White is really pushing.} (38. f3 Rd7 $1 $17) 38... Qb2 39. Rd1 {[#] The board is on fire.} (39. Qc1 $1 $16 {[%cal Rc1b2]} Qxc1+ 40. Rxc1) 39... Rd7 $1 40. Rxh4 (40. Bxh4 $5 {[%cal Rf1g2]} Rdh7 41. Be7 $1 $11) 40... Rxh4 41. Bxh4 {And now f3 would win.} Qxc3 (41... Rh7 $1 $11 42. f3 Qxc3) 42. Nf3 Qxe3 43. fxe3 Rf7 44. Ke1 $1 Nc3 (44... Rh7 $1 $14) 45. Ne5 $1 $18 {[%csl LRf7,LRg6]} Rh7 $2 (45... Rg7) 46. Nxg6 Rh6 {[#]} 47. g5 $1 Rxg6 48. Bh5 Rg8 49. g6 {Strongly threatening Bf6.} a4 50. Ra1 b5 51. Be7 (51. Kf1 $142) 51... Ne4 52. Bh4 $2 (52. Bb4 $18) 52... Kb6 {[#]} (52... Nc3 $1 $11 53. Kd2 Ne4+ 54. Kc1 c3) 53. Ke2 ({White should play} 53. Ra3 $1 $16) 53... Ka5 $2 (53... b4 $1 $11) 54. Rf1 $2 (54. Rg1 $18 {g7 is the strong threat.} a3 55. g7) 54... Kb4 $2 {[%mdl 8192]} (54... b4 $11 {and Black has nothing to worry.}) 55. Rb1+ Ka5 {aiming for ...Nc3+.} 56. Be1+ c3 57. Kd3 b4 58. Bh4 {To avoid Nf6} Rb8 $2 {[%mdl 8192]} (58... a3 $16) 59. g7 Rg8 60. Be7 b3 61. cxb3 Rxg7 62. Bd8+ Ka6 63. bxa4 Rg2 {[%csl Gc3,Ge4][%cal Rg2d2]} 64. Be2 Ng3 65. Re1 $2 (65. Bf3 Rf2 66. Bg4) 65... c2 66. Bf3 ({Resist} 66. Kxc2+ Nxe2 67. Kb3 Rg8 $16) 66... Rf2 67. Bh1 ({Not} 67. Bg4 Rf1 68. Rxf1 (68. Bxe6 Rxe1 69. Kxc2 Rxe3 $11) 68... Nxf1 69. Kxc2 Nxe3+ 70. Kd2 Nxg4 $11) 67... Rh2 {[#] Prevents Bh4.} 68. Bxd5 $1 exd5 {[%mdl 4096] Endgame KRB-KRN} 69. Bc7 Rh1 70. Rxh1 Nxh1 71. Kxc2 {KB-KN} Nf2 72. Kb3 Ng4 73. Bf4 Ka5 74. Bg5 Nf2 75. Bd8+ Ka6 76. Kb4 Nd3+ 77. Kc3 Nf2 78. Kd2 {To avoid Nd1} Ne4+ 79. Kd3 Kb7 80. Be7 Ka6 81. Bb4 Nf6 82. Ke2 ({Better is} 82. Kd2 $18) 82... Nd7 $16 83. a5 Kb5 84. Be1 {Threatens to win with Kf3.} Nb8 $2 (84... Nf6 85. Kf3 Ne8) 85. Kf3 $18 Kc6 86. Kf4 Na6 87. Ke5 Nc7 88. Bb4 Nb5 89. a6 Na7 90. Bc5 Nb5 91. a7 Nc7 92. Bd6 Na8 93. Ke6 Nb6 94. Bc5 Na8 95. Ke5 Nc7 96. Bb4 {White mates.} Kb6 97. a8=N+ Nxa8 98. Kxd5 Kc7 99. Ba5+ {Quite a comeback for White.  Weighted Error Value: White=0.46/Black=0.52} 1-0

[Event "27th 4NCL Congress Open 2022"]
[Site "Harrogate"]
[Date "2022.01.23"]
[Round "4.6"]
[White "Hunt, Harriet V"]
[Black "Horspool, Philip J"]
[Result "1-0"]
[WhiteElo "2413"]
[BlackElo "2028"]
[Annotator "TA"]
[PlyCount "78"]
[EventDate "2022.01.21"]
[EventType "swiss"]
[EventCountry "ENG"]
[SourceTitle "playchess.com"]
[Source "ChessBase"]
[SourceQuality "1"]

{[%evp 22,78,48,28,31,26,21,21,41,30,48,31,33,29,43,43,43,43,31,37,48,42,58,58,64,40,130,106,130,130,130,108,130,129,144,150,141,131,281,281,274,274,274,274,274,274,274,274,433,267,605,585,711,705,1837,1675,29973,29971,6222]} 1. e4 e5 2. Nf3 Nc6 3. Bb5 f5 4. Nc3 fxe4 5. Nxe4 Nf6 6. Qe2 d5 7. Nxf6+ gxf6 8. d4 Bg7 9. dxe5 O-O 10. Bxc6 bxc6 11. e6 Re8 12. O-O ({Of course not} 12. Nd4 Qe7 $11) 12... Bxe6 {C63: Ruy Lopez: Schliemann/Jaenisch Defence.} 13. Nd4 Qd7 14. Qd3 c5 {The position is equal.} 15. Nxe6 {[#]} Qxe6 $146 ({Predecessor:} 15... Rxe6 16. c4 c6 17. Be3 Bf8 18. Rad1 d4 19. Bd2 Rae8 20. Rfe1 Rxe1+ 21. Rxe1 Rxe1+ 22. Bxe1 {½-½ (41) Mortensen,E (2450)-Valkesalmi,K (2405) Torshavn 1987}) 16. Bf4 Qe4 17. Qd2 c6 18. Rfe1 Qd4 19. Qxd4 cxd4 20. Kf1 Bf8 21. Rad1 Bc5 22. Rxe8+ Rxe8 23. Re1 Rxe1+ (23... Rc8 $14) 24. Kxe1 $14 {[%mdl 4096] Endgame KB-KB} Kf7 25. Bd2 Ke6 26. h3 Bb6 {[#]} 27. b4 $1 {Inhibits a5.} c5 28. bxc5 Bxc5 29. Ke2 Ba3 {A mistake that costs the game.} (29... h5 $16 30. Kd3 f5) 30. Kd3 $18 Kd6 31. Bf4+ Kc6 32. Bh6 Be7 33. f3 {[%cal Bf2f3,Bf3f4][%mdl 32]} Kd6 34. Kxd4 Ke6 (34... Kc6 $142 35. Kd3 Kd7) 35. g4 {[#] Black must now prevent Bf4.} Ba3 $2 (35... Kd6 36. Bd2 Kc6) 36. Bf4 Be7 37. Bb8 a6 38. f4 f5 39. gxf5+ Kxf5 {Weighted Error Value: White=0.09 (flawless) /Black=0.71} 1-0